00569nam a22001697a 4500008004100000040005500041080001200096100002300108245002700131260004600158300001000204650001200214653001200226942001200238999001700250952013200267230511b |||||||| |||| 00| 0 eng d aNational Science LibrarycNational Science Library a575bM9 aWills, Christopher aChildren of prometheus aMassachusetts: bPerseus Books, c1998 a310p. aScience aBiology 2udccBK c29535d29535 00102udc406575_N870944300aNSLbNSLcGF/Rk-10/C-9/R-1d2017-03-02l0o575 N8p252419r2023-05-12 00:00:00w2023-05-12yBK